[Event "Ponte de Lima op"]
[Site "Ponte de Lima"]
[Date "2024.04.12"]
[Round "5"]
[White "Petrov, Nikita"]
[Black "Sidhant, Mohapatra"]
[Result "1-0"]
[WhiteElo "2562"]
[BlackElo "2384"]
[PlyCount "50"]
[EventDate "2024.04.09"]
[EventType "swiss"]
[EventRounds "9"]
[EventCountry "POR"]
[SourceTitle "CB17_2024"]
[SourceDate "2024.04.24"]
[SourceVersion "1"]
[SourceVersionDate "2024.04.24"]
[SourceQuality "1"]

1. d4 d5 2. c4 e6 3. Nf3 Nf6 4. Nc3 Nbd7 5. cxd5 exd5 6. Bf4 c6 7. e3 Be7 8. h3 0-0 9. Bd3 Re8 10. 0-0 Nf8 11. Ne5 Bd6 12. Bg3 a6 13. f4 c5 14. Bh4 Be7 15. Qf3 cxd4 16. exd4 Ne4 17. Bxe7 Rxe7 18. Nxe4 dxe4 19. Qxe4 Be6 20. f5 Bd5 21. Qf4 f6 22. Nc4 Be4 23. Rad1 Qd6 24. d5 Qxd5 25. Kh2 Qd4 1-0

[Event "Fagernes op"]
[Site "Fagernes"]
[Date "2024.03.31"]
[Round "9"]
[White "Sidhant, Mohapatra"]
[Black "Vestby Ellingsen, Mads"]
[Result "1/2-1/2"]
[WhiteElo "2379"]
[BlackElo "2336"]
[PlyCount "24"]
[EventDate "2024.03.24"]
[EventType "swiss"]
[EventRounds "9"]
[EventCountry "NOR"]
[SourceTitle "CB14_2024"]
[SourceDate "2024.04.01"]
[SourceVersion "1"]
[SourceVersionDate "2024.04.01"]
[SourceQuality "1"]

1. e4 c5 2. Nf3 d6 3. d4 cxd4 4. Nxd4 Nf6 5. Nc3 a6 6. Be2 e5 7. Nf3 Be7 8. Bg5 Be6 9. Bxf6 Bxf6 10. Nd5 Nd7 11. Bc4 Rc8 12. Qe2 Nb6 1/2-1/2

[Event "Fagernes op"]
[Site "Fagernes"]
[Date "2024.03.30"]
[Round "8"]
[White "Blomqvist, Erik"]
[Black "Sidhant, Mohapatra"]
[Result "1-0"]
[WhiteElo "2511"]
[BlackElo "2379"]
[PlyCount "127"]
[EventDate "2024.03.24"]
[EventType "swiss"]
[EventRounds "9"]
[EventCountry "NOR"]
[SourceTitle "CB14_2024"]
[SourceDate "2024.04.01"]
[SourceVersion "1"]
[SourceVersionDate "2024.04.01"]
[SourceQuality "1"]

1. e4 c5 2. Nc3 d6 3. Nf3 a6 4. d4 cxd4 5. Qxd4 Nc6 6. Qd3 g6 7. Be3 Qa5 8. 0-0-0 Nf6 9. Nd5 Nb4 10. Nxf6+ exf6 11. Qb3 Nc6 12. Bc4 Qc7 13. Bd5 Bg7 14. Bf4 Ne5 15. Nd2 0-0 16. Nc4 Rd8 17. Nb6 Rb8 18. Rhe1 Qe7 19. Kb1 Be6 20. Bg3 Bf8 21. f4 Nd7 22. Nc4 Nc5 23. Qf3 Bxd5 24. Rxd5 b5 25. Nxd6 Rxd6 26. Rxc5 Re8 27. e5 Re6 28. Rd5 Bg7 29. a3 fxe5 30. fxe5 f6 31. Red1 fxe5 32. Qe4 Qb7 33. Re1 h6 34. Re2 Kh7 35. Be1 Rc8 36. Rxe5 Qxe4 37. R5xe4 Rxe4 38. Rxe4 Rc6 39. Re7 Kg8 40. Bb4 Bf6 41. Rd7 Be5 42. h3 Rf6 43. Bc5 h5 44. Ka2 Bg3 45. Bd4 Re6 46. Kb3 Kf8 47. Ra7 h4 48. c3 g5 49. c4 bxc4+ 50. Kxc4 Re2 51. Rxa6 Rxg2 52. Rg6 Bf4 53. a4 Kf7 54. Rh6 Bc1 55. b4 Rc2+ 56. Kb5 Rd2 57. Bc5 Kg7 58. Rd6 g4 59. hxg4 h3 60. Rxd2 Bxd2 61. Bd6 Kf6 62. a5 Ke6 63. a6 Bxb4 64. a7 1-0

[Event "Fagernes op"]
[Site "Fagernes"]
[Date "2024.03.29"]
[Round "7"]
[White "Sidhant, Mohapatra"]
[Black "Mitusov, Semen"]
[Result "1/2-1/2"]
[WhiteElo "2379"]
[BlackElo "2487"]
[PlyCount "84"]
[EventDate "2024.03.24"]
[EventType "swiss"]
[EventRounds "9"]
[EventCountry "NOR"]
[SourceTitle "CB14_2024"]
[SourceDate "2024.04.01"]
[SourceVersion "1"]
[SourceVersionDate "2024.04.01"]
[SourceQuality "1"]

1. e4 e5 2. Nf3 Nc6 3. Bb5 a6 4. Ba4 Nf6 5. 0-0 b5 6. Bb3 Be7 7. d3 d6 8. c3 0-0 9. a4 Bb7 10. Re1 Na5 11. Ba2 c5 12. Bg5 Qd7 13. Nbd2 bxa4 14. Bb1 Bc6 15. Bc2 Rfb8 16. Bxf6 Bxf6 17. Ra2 Qe6 18. c4 Qd7 19. Bxa4 Bd8 20. Qa1 Bxa4 21. Rxa4 Nc6 22. Nb1 Nb4 23. Rd1 Nc2 24. Qa2 Nb4 25. Qa3 Nc2 26. Qa2 Rb6 27. b3 Nd4 28. Nxd4 cxd4 29. b4 Rab8 30. Rxa6 Rxb4 31. Ra8 Rb2 32. Qa1 Qg4 33. Rf1 g6 34. Rxb8 Rxb8 35. Qa2 Qd7 36. Nd2 Qb7 37. Rb1 Ra8 38. Qc2 Qa7 39. g3 Kg7 40. Kg2 Qa5 41. Rb3 Bg5 42. Nf3 Bf6 1/2-1/2

[Event "Reykjavik op"]
[Site "Reykjavik"]
[Date "2024.03.21"]
[Round "9"]
[White "Sidhant, Mohapatra"]
[Black "Paasikangas Tella, Johanna"]
[Result "1-0"]
[WhiteElo "2379"]
[BlackElo "2046"]
[PlyCount "57"]
[EventDate "2024.03.15"]
[EventType "swiss"]
[EventRounds "9"]
[EventCountry "ISL"]
[SourceTitle "CB13_2024"]
[SourceDate "2024.03.27"]
[SourceVersion "1"]
[SourceVersionDate "2024.03.27"]
[SourceQuality "1"]

1. e4 c5 2. Nf3 d6 3. d4 cxd4 4. Nxd4 Nf6 5. Nc3 Nc6 6. Bg5 e6 7. Qd2 a6 8. 0-0-0 Bd7 9. Kb1 Nxd4 10. Qxd4 Be7 11. f3 Qc7 12. h4 b5 13. Qd2 h6 14. Be3 Rc8 15. g4 b4 16. Ne2 a5 17. Nd4 e5 18. Nb5 Bxb5 19. Bxb5+ Nd7 20. g5 h5 21. g6 0-0 22. Rhg1 fxg6 23. Rxg6 Rf7 24. Rdg1 Nf8 25. R6g2 Kh7 26. Ba4 Bf6 27. Bb3 Re7 28. Qe2 g6 29. f4 1-0

[Event "IND-ch Rapid"]
[Site "Nashik"]
[Date "2024.03.04"]
[Round "4"]
[White "Sidhant, Mohapatra"]
[Black "Vaz, Ethan"]
[Result "1/2-1/2"]
[WhiteElo "2290"]
[BlackElo "2188"]
[PlyCount "73"]
[EventDate "2024.03.04"]
[EventType "swiss (rapid)"]
[EventRounds "11"]
[EventCountry "IND"]
[SourceTitle "CB11_2024"]
[SourceDate "2024.03.13"]
[SourceVersion "1"]
[SourceVersionDate "2024.03.13"]
[SourceQuality "1"]

1. Nf3 d5 2. e3 Nf6 3. c4 e6 4. b3 c5 5. Bb2 Nc6 6. cxd5 exd5 7. Bb5 Bd6 8. 0-0 Bg4 9. d4 cxd4 10. Bxd4 a6 11. Be2 Bxf3 12. Bxf3 Nxd4 13. exd4 0-0 14. Nd2 Qb6 15. Re1 Bb4 16. Re3 Qxd4 17. Nf1 Bc5 18. Qe1 Qh4 19. g3 Qh3 20. Re2 Qf5 21. Kg2 Rfe8 22. Rd1 Rxe2 23. Qxe2 Rd8 24. a4 a5 25. h4 h6 26. g4 Qf4 27. Qd2 Qxd2 28. Rxd2 b6 29. g5 hxg5 30. hxg5 Nh7 31. Rxd5 Rxd5 32. Bxd5 Nxg5 33. Nd2 Kf8 34. f4 Be3 35. fxg5 Bxd2 36. g6 fxg6 37. Bc4 1/2-1/2

[Event "Rilton Cup 51st"]
[Site "Stockholm"]
[Date "2024.01.05"]
[Round "9"]
[White "Shohat, Yotam"]
[Black "Sidhant, Mohapatra"]
[Result "1-0"]
[WhiteElo "2332"]
[BlackElo "2408"]
[PlyCount "107"]
[EventDate "2023.12.27"]
[EventType "swiss"]
[EventRounds "9"]
[EventCountry "SWE"]
[SourceTitle "CB02_2024"]
[SourceDate "2024.01.10"]
[SourceVersion "1"]
[SourceVersionDate "2024.01.10"]
[SourceQuality "1"]

1. e4 e5 2. Nf3 Nc6 3. Bb5 a6 4. Ba4 Nf6 5. 0-0 Be7 6. Re1 b5 7. Bb3 0-0 8. h3 Bb7 9. d3 Re8 10. Nc3 h6 11. a4 Na5 12. Ba2 b4 13. Ne2 Bf8 14. Ng3 b3 15. cxb3 Nc6 16. d4 d6 17. Bb1 Nb4 18. Bd2 c5 19. d5 Bc8 20. Bc3 Rb8 21. Nd2 g6 22. Rf1 Nh7 23. f4 Qh4 24. Ne2 exf4 25. Nf3 Qd8 26. Nxf4 Ng5 27. Nd2 Bg7 28. h4 Nh7 29. Qf3 Rb7 30. Qg3 Nf6 31. Bd3 Nxd3 32. Qxd3 Ng4 33. Bxg7 Kxg7 34. Qg3 Kh7 35. Rae1 Ne5 36. Nc4 Nxc4 37. bxc4 Qf6 38. e5 Rxe5 39. Nh5 Qe7 40. Nf6+ Kg7 41. Rxe5 Qxe5 42. Qxe5 dxe5 43. Ne8+ Kf8 44. Nd6 Rc7 45. h5 gxh5 46. Rf6 Bg4 47. a5 Be2 48. Kf2 Bd3 49. Ke3 Bg6 50. Ne4 Kg7 51. Rxa6 f5 52. d6 Rb7 53. Rb6 Ra7 54. a6 1-0

[Event "Rilton Cup 51st"]
[Site "Stockholm"]
[Date "2023.12.29"]
[Round "3"]
[White "Sidhant, Mohapatra"]
[Black "Utsab, Chatterjee"]
[Result "1-0"]
[WhiteElo "2408"]
[BlackElo "2289"]
[PlyCount "41"]
[EventDate "2023.12.27"]
[EventType "swiss"]
[EventRounds "9"]
[EventCountry "SWE"]
[SourceTitle "CB02_2024"]
[SourceDate "2024.01.10"]
[SourceVersion "1"]
[SourceVersionDate "2024.01.10"]
[SourceQuality "1"]

1. e4 e5 2. Nf3 Nc6 3. Bc4 Nf6 4. d3 Bc5 5. Nc3 h6 6. 0-0 a6 7. a4 d6 8. Nd5 Nxd5 9. Bxd5 Ne7 10. Bb3 Ng6 11. Be3 Qf6 12. d4 Bg4 13. dxc5 Nh4 14. Bxf7+ Kf8 15. Nxe5 Bxd1 16. Nd7+ Kxf7 17. Nxf6 Bxc2 18. Rfc1 Bd3 19. Ra3 Be2 20. Nd5 c6 21. Nf4 1-0

[Event "Rome City op 5th"]
[Site "Rome"]
[Date "2023.12.10"]
[Round "9"]
[White "Sidhant, Mohapatra"]
[Black "Danielyan, Vahe"]
[Result "1-0"]
[WhiteElo "2408"]
[BlackElo "2317"]
[PlyCount "123"]
[EventDate "2023.12.04"]
[EventType "swiss"]
[EventRounds "9"]
[EventCountry "ITA"]
[SourceTitle "CB50_2023"]
[SourceDate "2023.12.13"]
[SourceVersion "1"]
[SourceVersionDate "2023.12.13"]
[SourceQuality "1"]

1. e4 c5 2. c3 e6 3. d4 Nf6 4. e5 Nd5 5. Nf3 cxd4 6. cxd4 b6 7. Nc3 Nxc3 8. bxc3 Qc7 9. Bb5 Bb7 10. 0-0 Be7 11. Qd3 Nc6 12. Bf4 a6 13. Ba4 b5 14. Bb3 Na5 15. Bg5 Rc8 16. Bxe7 Kxe7 17. Rfc1 Nc4 18. Nd2 f5 19. Nxc4 bxc4 20. Qg3 Kf7 21. Bd1 Be4 22. Bc2 Bd5 23. Bd1 Qc6 24. Rab1 Rhf8 25. Rb2 Kg8 26. Bf3 Rb8 27. Bxd5 Qxd5 28. Rcb1 Rxb2 29. Rxb2 Qa5 30. h4 f4 31. Qf3 Rd8 32. Kh2 Qa3 33. Rb7 Qxa2 34. d5 Qc2 35. dxe6 dxe6 36. Qxf4 Qg6 37. Qxc4 Qf5 38. Re7 Qxe5+ 39. f4 Qh5 40. Qxe6+ Kh8 41. Qe1 h6 42. Qg3 Rg8 43. Ra7 a5 44. Re7 a4 45. Ra7 Qb5 46. f5 Qxf5 47. Rxa4 Rc8 48. Rb4 Qf6 49. Rb8 Rxb8 50. Qxb8+ Kh7 51. Qg3 Qe6 52. Qf4 Qe2 53. c4 Qc2 54. Qd4 Kh8 55. c5 Qc1 56. Qe5 Qc4 57. h5 Qh4+ 58. Kg1 Qc4 59. Kf2 Qf7+ 60. Ke3 Qb3+ 61. Kd4 Qb7 62. Qe8+ 1-0

[Event "Rome City op 5th"]
[Site "Rome"]
[Date "2023.12.05"]
[Round "3"]
[White "Sidhant, Mohapatra"]
[Black "Molina Carretero, Daniel"]
[Result "1-0"]
[WhiteElo "2408"]
[BlackElo "2194"]
[PlyCount "84"]
[EventDate "2023.12.04"]
[EventType "swiss"]
[EventRounds "9"]
[EventCountry "ITA"]
[SourceTitle "CB50_2023"]
[SourceDate "2023.12.13"]
[SourceVersion "1"]
[SourceVersionDate "2023.12.13"]
[SourceQuality "1"]

1. e4 c6 2. Nf3 d5 3. Nc3 Bg4 4. h3 Bxf3 5. Qxf3 e6 6. Be2 Bc5 7. 0-0 Nd7 8. d3 Ne7 9. Qg3 0-0 10. Kh1 Ng6 11. f4 f5 12. Bh5 Qh4 13. Qxh4 Nxh4 14. g3 Ng6 15. Kg2 a6 16. a4 Ne7 17. Bf3 Rae8 18. Bd2 Nf6 19. g4 g6 20. Rae1 Kf7 21. Re2 Bd4 22. Rfe1 Rg8 23. Nd1 Ba7 24. Nf2 h5 25. exf5 exf5 26. Bb4 c5 27. g5 Ne4 28. dxe4 dxe4 29. Bxe4 fxe4 30. Nxe4 Nf5 31. Nxc5 Rxe2+ 32. Rxe2 a5 33. Ba3 Bxc5 34. Bxc5 Rc8 35. Bf2 Rc4 36. b3 Rxf4 37. Re5 h4 38. Rxa5 Nd4 39. Bxd4 Rxd4 40. Rb5 Ke6 41. Kf3 Rd2 42. Rxb7 Rxc2 1-0

[Event "Figueira da Foz op 17th"]
[Site "Figueira da Foz"]
[Date "2023.11.07"]
[Round "3"]
[White "Sidhant, Mohapatra"]
[Black "Ghosh, Diptayan"]
[Result "0-1"]
[WhiteElo "2418"]
[BlackElo "2570"]
[PlyCount "82"]
[EventDate "2023.11.05"]
[EventType "swiss"]
[EventRounds "9"]
[EventCountry "POR"]
[SourceTitle "CB46_2023"]
[SourceDate "2023.11.15"]
[SourceVersion "1"]
[SourceVersionDate "2023.11.15"]
[SourceQuality "1"]

1. e4 c6 2. Nf3 d5 3. Nc3 Bg4 4. h3 Bxf3 5. Qxf3 e6 6. Be2 Nf6 7. 0-0 d4 8. Nb1 Bd6 9. c3 Bc7 10. d3 0-0 11. Nd2 c5 12. e5 Bxe5 13. Qxb7 Nbd7 14. cxd4 Bxd4 15. Nb3 Nd5 16. Bf3 Ne5 17. Nxd4 cxd4 18. Be4 Qd6 19. Bxd5 Rab8 20. Qxa7 Qxd5 21. Rd1 h6 22. Bf4 Rxb2 23. Bxe5 Qxe5 24. a4 Rd8 25. Rdb1 Rd2 26. Qb6 Qf6 27. Kh1 Rd5 28. Qb8+ Kh7 29. Rb2 Qxf2 30. Rxd2 Qxd2 31. Rf1 Rg5 32. Qb7 f5 33. Ra1 Qa5 34. Qc6 Rg6 35. Rb1 e5 36. Qd7 Qd2 37. Qd5 e4 38. Rg1 Qxd3 39. Qxf5 Qe2 40. a5 d3 41. Qb5 Rg5 0-1

[Event "Figueira da Foz op 17th"]
[Site "Figueira da Foz"]
[Date "2023.11.06"]
[Round "2"]
[White "Koridze, Lile"]
[Black "Sidhant, Mohapatra"]
[Result "1/2-1/2"]
[WhiteElo "2161"]
[BlackElo "2418"]
[PlyCount "56"]
[EventDate "2023.11.05"]
[EventType "swiss"]
[EventRounds "9"]
[EventCountry "POR"]
[SourceTitle "CB46_2023"]
[SourceDate "2023.11.15"]
[SourceVersion "1"]
[SourceVersionDate "2023.11.15"]
[SourceQuality "1"]

1. d4 Nf6 2. c4 e6 3. Nf3 d5 4. g3 dxc4 5. Bg2 a6 6. a4 Nc6 7. 0-0 Rb8 8. Qc2 b5 9. axb5 axb5 10. Nc3 Be7 11. Rd1 Nb4 12. Qb1 Bb7 13. Bf4 0-0 14. Ra7 Nbd5 15. Be5 Nxc3 16. bxc3 Nd5 17. Rc1 f6 18. Qxb5 Ba8 19. Qxc4 fxe5 20. Nxe5 Bd6 21. Rxa8 Rxa8 22. Bxd5 exd5 23. Qxd5+ Kh8 24. Nf7+ Rxf7 25. Qxf7 Qg5 26. e3 Rf8 27. Qe6 Qb5 28. c4 Qb2 1/2-1/2

[Event "IND-ch 60th"]
[Site "Pune"]
[Date "2023.08.21"]
[Round "6"]
[White "Mahindrakar, Indrajeet"]
[Black "Sidhant, Mohapatra"]
[Result "0-1"]
[WhiteElo "1996"]
[BlackElo "2420"]
[PlyCount "108"]
[EventDate "2023.08.16"]
[EventType "swiss"]
[EventRounds "11"]
[EventCountry "IND"]
[SourceTitle "EXT 2024"]
[Source "ChessBase"]
[SourceDate "2023.10.10"]
[SourceVersion "1"]
[SourceVersionDate "2023.10.10"]
[SourceQuality "1"]

1. e4 c5 2. c3 Nf6 3. e5 Nd5 4. Nf3 e6 5. g3 Nc6 6. Bg2 Qc7 7. Qe2 d6 8. exd6 Bxd6 9. Na3 Be7 10. 0-0 a6 11. Nc2 0-0 12. d4 cxd4 13. Nfxd4 Nxd4 14. Nxd4 Bf6 15. Rd1 Rd8 16. h4 h6 17. Bd2 Bxd4 18. cxd4 Bd7 19. Bxd5 exd5 20. Qe5 Qb6 21. Bc3 Qg6 22. Re1 Bg4 23. Qf4 Re8 24. f3 Bd7 25. a3 Bb5 26. Rad1 Rac8 27. g4 h5 28. g5 f6 29. Kf2 Rf8 30. Rg1 Rce8 31. Rde1 Qc2+ 32. Qd2 Qf5 33. Bb4 Rc8 34. Rc1 Rxc1 35. Rxc1 Re8 36. Re1 Rxe1 37. Qxe1 fxg5 38. hxg5 Qxg5 39. Qe6+ Kh7 40. Qe5 Qxe5 41. dxe5 Bd7 42. Ke3 Kg6 43. Be1 Kf5 44. Bg3 g5 45. Bh2 h4 46. Kd3 Ba4 47. Kd2 Bc6 48. Kd3 d4 49. Kxd4 Bxf3 50. Ke3 Bc6 51. e6 g4 52. Bc7 g3 53. e7 Kg4 54. Be5 h3 0-1

[Event "IND-ch 60th"]
[Site "Pune"]
[Date "2023.08.20"]
[Round "5"]
[White "Sidhant, Mohapatra"]
[Black "Mehta, Naitik R"]
[Result "1-0"]
[WhiteElo "2420"]
[BlackElo "1931"]
[PlyCount "103"]
[EventDate "2023.08.16"]
[EventType "swiss"]
[EventRounds "11"]
[EventCountry "IND"]
[SourceTitle "EXT 2024"]
[Source "ChessBase"]
[SourceDate "2023.10.10"]
[SourceVersion "1"]
[SourceVersionDate "2023.10.10"]
[SourceQuality "1"]

1. d4 d5 2. Nf3 c5 3. c4 e6 4. cxd5 exd5 5. g3 Nc6 6. Bg2 Nf6 7. 0-0 Be7 8. dxc5 Bxc5 9. a3 a6 10. b4 Be7 11. Bb2 0-0 12. Nc3 Re8 13. Rc1 Bg4 14. Na4 Ne4 15. Nd4 Bd7 16. Nxc6 Bxc6 17. Bd4 a5 18. Nb6 Ra6 19. b5 Bxb5 20. Rc8 Qd6 21. Qb3 Rxb6 22. Rxe8+ Bxe8 23. Qxb6 Qxb6 24. Bxb6 a4 25. Bxe4 dxe4 26. Ra1 f5 27. Kf1 Kf7 28. Ke1 Bc6 29. Kd2 Kg6 30. Bd4 Kh6 31. Bc3 g5 32. Bb4 Bf6 33. Rg1 Kh5 34. h3 Bd4 35. e3 Be5 36. Be7 Kg6 37. Re1 Kf7 38. Bb4 f4 39. gxf4 gxf4 40. Rg1 f3 41. Bc3 Bd6 42. Rg7+ Kf8 43. Rxh7 Bxa3 44. h4 b5 45. h5 b4 46. Bd4 b3 47. h6 Bb4+ 48. Kc1 a3 49. Rc7 b2+ 50. Kb1 Bb5 51. h7 Bd3+ 52. Rc2 1-0

[Event "Dieren op"]
[Site "Dieren"]
[Date "2023.08.03"]
[Round "9"]
[White "Slagboom, Leandro"]
[Black "Sidhant, Mohapatra"]
[Result "0-1"]
[WhiteElo "2270"]
[BlackElo "2419"]
[PlyCount "126"]
[EventDate "2023.07.25"]
[EventType "swiss"]
[EventRounds "9"]
[EventCountry "NED"]
[SourceTitle "CBM 215 Extra"]
[Source "ChessBase"]
[SourceDate "2023.09.30"]
[SourceVersion "1"]
[SourceVersionDate "2023.09.30"]
[SourceQuality "1"]

1. e4 e5 2. Nf3 Nc6 3. Bc4 Nf6 4. d3 h6 5. 0-0 d6 6. c3 g6 7. Re1 Bg7 8. d4 0-0 9. dxe5 Nxe5 10. Nxe5 dxe5 11. Qxd8 Rxd8 12. f3 Ne8 13. Be3 Nd6 14. Bb3 a5 15. a4 b6 16. Na3 Ba6 17. Rad1 Kf8 18. Bd5 Rac8 19. b4 axb4 20. cxb4 Ke7 21. Bf2 Bb7 22. Bxb7 Nxb7 23. Nb5 Rxd1 24. Rxd1 Bf8 25. Nc3 Ke6 26. Nd5 Bd6 27. Rc1 Kd7 28. Bxb6 c6 29. Ne3 Bxb4 30. Nc4 Ke6 31. Kf1 Nd6 32. Ne3 f5 33. exf5+ gxf5 34. Ke2 c5 35. a5 f4 36. Nd1 Kd5 37. Nf2 Nc4 38. Ne4 Nxb6 39. axb6 Kc6 40. b7 Rb8 41. Rd1 Rxb7 42. Rd6+ Kb5 43. Rxh6 Ra7 44. Nd6+ Ka4 45. Nc4 Kb3 46. Kd3 Ra1 47. Rd6 Rc1 48. Nd2+ Bxd2 49. Kxd2 Rc2+ 50. Kd3 c4+ 51. Ke4 Re2+ 52. Kf5 c3 53. g3 fxg3 54. hxg3 c2 55. Rb6+ Kc3 56. Rc6+ Kd2 57. f4 e4 58. Rd6+ Ke1 59. Rc6 Kd1 60. g4 c1Q 61. Rxc1+ Kxc1 62. g5 e3 63. Ke4 Kd2 0-1

[Event "Dieren op"]
[Site "Dieren"]
[Date "2023.08.02"]
[Round "8"]
[White "Sidhant, Mohapatra"]
[Black "Warmerdam, Max"]
[Result "0-1"]
[WhiteElo "2419"]
[BlackElo "2607"]
[PlyCount "74"]
[EventDate "2023.07.25"]
[EventType "swiss"]
[EventRounds "9"]
[EventCountry "NED"]
[SourceTitle "CBM 215 Extra"]
[Source "ChessBase"]
[SourceDate "2023.09.30"]
[SourceVersion "1"]
[SourceVersionDate "2023.09.30"]
[SourceQuality "1"]

1. e4 c5 2. c3 Nf6 3. e5 Nd5 4. Nf3 d6 5. Bb5+ Bd7 6. Bc4 e6 7. 0-0 Bc6 8. d4 Be7 9. exd6 Qxd6 10. dxc5 Qxc5 11. Qe2 0-0 12. b4 Qd6 13. b5 Be8 14. Ba3 Qb6 15. Bxe7 Nxe7 16. Nbd2 Nd7 17. Ne4 Nc5 18. Rfd1 Nxe4 19. Qxe4 Bxb5 20. Ng5 Ng6 21. Bxb5 Qxb5 22. h4 b6 23. Qg4 Rfd8 24. h5 Ne7 25. h6 Qf5 26. Qg3 Ng6 27. hxg7 Nf4 28. Qh4 f6 29. Nf3 e5 30. g3 Nd3 31. Kg2 Rac8 32. Rd2 Rxc3 33. Rad1 e4 34. Nh2 Kxg7 35. Ng4 Qg5 36. Qh3 h5 37. Ne3 Nf4+ 0-1

[Event "Dieren op"]
[Site "Dieren"]
[Date "2023.07.31"]
[Round "6"]
[White "De Boer, Eelke"]
[Black "Sidhant, Mohapatra"]
[Result "0-1"]
[WhiteElo "2270"]
[BlackElo "2419"]
[PlyCount "134"]
[EventDate "2023.07.25"]
[EventType "swiss"]
[EventRounds "9"]
[EventCountry "NED"]
[SourceTitle "CBM 215 Extra"]
[Source "ChessBase"]
[SourceDate "2023.09.30"]
[SourceVersion "1"]
[SourceVersionDate "2023.09.30"]
[SourceQuality "1"]

1. d4 Nf6 2. c4 e6 3. g3 d5 4. Nf3 dxc4 5. Bg2 c5 6. 0-0 Nc6 7. dxc5 Qxd1 8. Rxd1 Bxc5 9. Nbd2 c3 10. bxc3 0-0 11. Nb3 Be7 12. c4 Bd7 13. Nfd4 Rac8 14. Bf4 Nxd4 15. Rxd4 Bc6 16. Rad1 b6 17. Be5 a5 18. Bd6 Bxd6 19. Rxd6 Bxg2 20. Kxg2 Rxc4 21. Rxb6 Nd5 22. Rb7 a4 23. Rd4 Rxd4 24. Nxd4 Rc8 25. Nb5 h6 26. Ra7 Rc2 27. Rxa4 Rxe2 28. Nd6 f5 29. Kf3 Rc2 30. Ra8+ Kh7 31. Re8 Rxa2 32. h3 Ra3+ 33. Kg2 f4 34. Rf8 fxg3 35. fxg3 Nf6 36. Rc8 Kg6 37. Nc4 Rb3 38. Rc6 Kf5 39. Nd6+ Ke5 40. Nf7+ Kf5 41. Nd6+ Kg5 42. Nc4 Ne4 43. Rxe6 Nxg3 44. Re3 Rxe3 45. Nxe3 Nh5 46. Kh2 Kf4 47. Nd5+ Kf3 48. Ne7 Ng3 49. Ng6 Nf1+ 50. Kg1 Ne3 51. Kh2 Kf2 52. Ne7 h5 53. h4 Kf3 54. Kh3 Ng2 55. Nf5 Nf4+ 56. Kh2 g6 57. Nh6 Nd3 58. Nf7 Kg4 59. Kg2 Kxh4 60. Kf3 g5 61. Ke3 Nf4 62. Kf3 Nh3 63. Nd6 g4+ 64. Ke4 Kg3 65. Ke3 Kh2 66. Nf5 g3 67. Ke4 g2 0-1

[Event "Dieren op"]
[Site "Dieren"]
[Date "2023.07.28"]
[Round "4"]
[White "Prraneeth, Vuppala"]
[Black "Sidhant, Mohapatra"]
[Result "1/2-1/2"]
[WhiteElo "2486"]
[BlackElo "2419"]
[PlyCount "27"]
[EventDate "2023.07.25"]
[EventType "swiss"]
[EventRounds "9"]
[EventCountry "NED"]
[SourceTitle "CBM 215 Extra"]
[Source "ChessBase"]
[SourceDate "2023.09.30"]
[SourceVersion "1"]
[SourceVersionDate "2023.09.30"]
[SourceQuality "1"]

1. e4 e5 2. Nf3 Nc6 3. Bb5 a6 4. Ba4 Nf6 5. 0-0 b5 6. Bb3 Be7 7. Re1 d6 8. c3 0-0 9. h3 Bb7 10. d4 Re8 11. Ng5 Rf8 12. Nf3 Re8 13. Ng5 Rf8 14. Nf3 1/2-1/2